[Event "Erbil Khanzad Cup 11th"]
[Site "Erbil"]
[Date "2018.06.01"]
[Round "6"]
[White "Pola, Azad Saber"]
[Black "Nazar, Jamil Khalid"]
[Result "1-0"]
[WhiteElo "1569"]
[BlackElo "1931"]
[PlyCount "55"]
[EventDate "2018.05.31"]
[EventType "swiss"]
[EventRounds "7"]
[EventCountry "IRQ"]
[SourceTitle "EXT 2019"]
[Source "ChessBase"]
[SourceDate "2018.10.10"]
[SourceVersion "1"]
[SourceVersionDate "2018.10.10"]
[SourceQuality "1"]

1. e4 e5 2. Nf3 Nf6 3. Nxe5 d6 4. Nf3 Nxe4 5. Nc3 Nxc3 6. dxc3 Be7 7. Bd3 0-0 8. Be3 Nc6 9. Qd2 Bg4 10. 0-0-0 Bf6 11. h3 Be6 12. g4 Ne5 13. Nxe5 dxe5 14. Qe2 Qe8 15. g5 Be7 16. Qh5 g6 17. Qh6 Qa4 18. h4 Rfd8 19. h5 Bf8 20. hxg6 Bxh6 21. gxh7+ Kh8 22. Rxh6 Rxd3 23. cxd3 Qg4 24. Rdh1 Qe2 25. g6 fxg6 26. Rxg6 Qf3 27. Rhg1 Bf5 28. Rg8+ 1-0

[Event "Erbil Khanzad Cup 10th"]
[Site "Erbil"]
[Date "2018.04.20"]
[Round "6"]
[White "Taslimi, Borsa"]
[Black "Nazar, Jamil Khalid"]
[Result "1/2-1/2"]
[WhiteElo "1952"]
[BlackElo "1944"]
[PlyCount "50"]
[EventDate "2018.04.18"]
[EventType "swiss"]
[EventRounds "9"]
[EventCountry "IRQ"]
[SourceTitle "CBM 184 Extra"]
[Source "ChessBase"]
[SourceDate "2018.06.28"]
[SourceVersion "1"]
[SourceVersionDate "2018.06.28"]
[SourceQuality "1"]

1. e4 e5 2. Nf3 Nf6 3. Nc3 Nc6 4. Bc4 Bc5 5. 0-0 0-0 6. d3 h6 7. Be3 Bb6 8. Nd5 d6 9. h3 Nxd5 10. Bxd5 Ne7 11. Bb3 Ng6 12. d4 Qf6 13. c3 Be6 14. Bxe6 Qxe6 15. Qb3 exd4 16. Qxe6 fxe6 17. Nxd4 Bxd4 18. cxd4 d5 19. f3 c6 20. b4 a5 21. bxa5 Rxa5 22. Rfb1 b5 23. Bd2 Ra4 24. Bb4 Rfa8 25. a3 Nf4 1/2-1/2